| 000 | 00331pam a2200133 a 4500 | ||
|---|---|---|---|
| 020 | _c | ||
| 041 | _aeng | ||
| 082 |
_a530.7 _bBHI |
||
| 100 |
_aBhise , R.B , _eBansode S.B. |
||
| 245 |
_aT.Y.B.SC. Sem VI : Calibration Techniques _hTextual Documents |
||
| 260 |
_aPune _bNirali Prakashan _c2022 |
||
| 300 | _a4.22p. | ||
| 930 | _a18674 | ||
| 999 |
_c95573 _d95573 |
||